The White Paper on Defence of the Slovak Republic 2013

Bibliographic Details
Format: Book
Language:English
PhysicalDescription:140 s. fotogr., grafy, tab. 30 cm
Published: [Bratislava] The Ministry of Defence of the Slovak Republic 2013
ISBN:9788089261482 (brož.)
Subjects:

MARC

LEADER 00000cam a2200000 a 4500
001 vtls010576494
003 SK-MaSNL
005 20260425233017.0
008 160610s2013 xo oda e n 000 0 eng
015 |a SNBA2014/05 
020 |a 9788089261482 (brož.) 
035 |a B1020018-14F5-4235-9A10-4A7442AB081C 
035 |a urn:nbn:sk:snk-amkwv6 
035 |a urn:nbn:sk:snk-am0082pe 
040 |a SNK  |b slo  |c SNK  |e AACR2 
041 0 |a eng 
043 |a e-xo--- 
044 |a xo  |c SK 
072 7 |a 355/359  |x Vojenstvo. Obrana krajiny. Ozbrojené sily  |2 konspekt 
080 |a 355.45  |2 2001 
080 |a 355.02  |2 2001 
080 |a 355.415.5  |2 2001 
080 |a 355.1  |2 2001 
080 |a (437.6)  |2 2001 
080 |a (036)  |2 2001 
245 0 4 |a The White Paper on Defence of the Slovak Republic 2013 
260 |a [Bratislava]  |b The Ministry of Defence of the Slovak Republic  |c 2013 
300 |a 140 s.  |b fotogr., grafy, tab.  |c 30 cm 
500 |a Miesto vyd. podľa ISBN 
500 |a Názov z obalu 
504 |a Bibliogr. odkazy ; pozn. ; zoz. skrat. 
648 7 |a 1993-2013  |2 SNKPH  |9 338480 
650 0 7 |a obrana štátu  |2 SNKPH  |9 15422 
650 0 7 |a bezpečnostná politika  |2 SNKPH  |9 1647 
650 0 7 |a vojenská výzbroj  |2 SNKPH  |9 28995 
650 0 7 |a ozbrojené sily  |2 SNKPH  |9 1644 
650 0 7 |a State defence  |2 SNKPHeng  |9 312936 
650 0 7 |a Security policy  |2 SNKPHeng  |9 268398 
650 0 7 |a Military equipment and supplies  |2 SNKPHeng  |9 326049 
650 0 7 |a Armed forces  |2 SNKPHeng  |9 267750 
651 7 |a Slovensko  |2 SNKPH  |9 14231 
651 7 |a Slovakia  |2 SNKPHeng  |9 92630 
655 7 |a informačné publikácie  |2 SNKPH  |9 70181 
655 7 |a Information publications  |2 SNKPHeng  |9 265188 
852 |a Štátna vedecká knižnica v Banskej Bystrici 
919 |a 978-80-89261-48-2 
958 |a NB 
999 |c 754255  |d 756185 
952 |a SNK  |b SNK  |y PREZ  |7 0  |p 17A1107330  |o snkSB 86466  |i snk2014/7858  |8 0  |0 0  |1 0  |4 0  |d 2014-03-26  |f 1  |l 0  |r 2025-05-07 00:00:00  |w 2026-02-23 
952 |a SNK  |b SNK  |y VYP  |7 0  |p 17A1107210  |o snkSB 86466 D1  |i snk2014/7859  |8 0  |0 0  |1 0  |4 0  |d 2014-03-26  |l 0  |r 2016-06-30 00:00:00  |w 2026-02-23